000 00317nam a2200133Ia 4500
008 100328s9999 xx 000 0 und d
082 _b69209
100 _aSharma Robin.
245 _aThe Greatness Guide.
260 _bJaico.
630 _aThe Greatness Guide.
730 _aThe Greatness Guide.
942 _cBOOK
999 _c554942
_d554939